Größte Grenzstädte USA / Mexiko - Statistiken

Allgemein
  • Dieses Quiz wurde 22 mal gespielt
  • Das Durchschnittsergebnis liegt bei 4 aus 10
Antwortstatistiken
Land Einwohner Stadt % Korrekt
USA 679.000 El Paso
78%
MEX 1.902.000 Tijuana
72%
USA 1.414.000 San Diego
61%
MEX 1.321.000 Ciudad Juárez
44%
MEX 854.000 Mexicali
33%
USA 255.000 Laredo
28%
MEX 540.000 Matamoros
22%
MEX 265.000 Nogales
22%
MEX 425.000 Nuevo Laredo
22%
MEX 692.000 Reynosa
22%
Keine übereinstimmenden Quizze gefunden
Verteilung der Resultate
Anzahl Personen mit jedem Resultat
Perzentil nach korrekt beantworteten Fragen
Ihre Resultats-Entwicklung
Sie haben dieses Quiz noch nicht gespielt